[Event "4. Kesarovski-Georgiev Memorial"]
[Site "Sunny Beach BUL"]
[Date "2005.09.24"]
[Round "9.11"]
[White "Kozhuharov, Spas"]
[Black "Bojchev, Marian"]
[Result "1/2-1/2"]
[WhiteElo "2391"]
[BlackElo "2240"]
[PlyCount "100"]
[EventDate "2005.09.16"]
[EventType "swiss"]
[EventRounds "9"]
[EventCountry "BUL"]
[Source "lmi"]
[SourceDate "2005.09.25"]

1. e4 c5 2. Nf3 e6 3. d4 cxd4 4. Nxd4 Nf6 5. Nc3 d6 6. Be3 Nc6 7. f3 a6 8. Qd2
Qc7 9. O-O-O b5 10. Kb1 Bb7 11. Ndxb5 axb5 12. Nxb5 Qd8 13. Nxd6+ Bxd6 14. Qxd6
Qxd6 15. Rxd6 O-O 16. Bb5 Rfc8 17. a4 h6 18. b3 Kh7 19. Kb2 g5 20. h3 Kg6 21.
c4 Nh5 22. c5 Nf4 23. Bxf4 gxf4 24. Rc1 Kf6 25. Ka3 Rc7 26. b4 Na7 27. Bd7 Ke7
28. Rcd1 Nc6 29. Kb3 Rb8 30. Bxc6 Bxc6 31. Ra1 Ra8 32. Ra2 f5 33. Rxc6 Rxc6 34.
exf5 exf5 35. Kc4 Rca6 36. a5 Kd7 37. Rd2+ Kc7 38. Rd5 Rf8 39. Rd4 Rg8 40. Rxf4
Rf6 41. g4 Rgf8 42. b5 fxg4 43. Rxf6 Rxf6 44. fxg4 Rf3 45. a6 Rxh3 46. b6+ Kc6
47. a7 Ra3 48. Kb4 Ra1 49. Kb3 Kb7 50. Kb4 Kc6 1/2-1/2

[Event "4. Kesarovski-Georgiev Memorial"]
[Site "Sunny Beach BUL"]
[Date "2005.09.24"]
[Round "9.12"]
[White "Bonev, Todor"]
[Black "Karakehajov, Kalin"]
[Result "1/2-1/2"]
[WhiteElo "2234"]
[BlackElo "2385"]
[PlyCount "63"]
[EventDate "2005.09.16"]
[EventType "swiss"]
[EventRounds "9"]
[EventCountry "BUL"]
[Source "lmi"]
[SourceDate "2005.09.25"]

1. d4 d5 2. c4 e6 3. Nc3 c6 4. e4 Bb4 5. cxd5 exd5 6. e5 Ne7 7. Bd3 c5 8. a3
cxd4 9. axb4 dxc3 10. bxc3 Qc7 11. Ne2 Nd7 12. f4 Nb6 13. Qc2 Nc4 14. Nd4 Bd7
15. O-O Rc8 16. Rxa7 Qb6 17. Ra2 Nc6 18. Qf2 Nxd4 19. Qxd4 Qxd4+ 20. cxd4 O-O
21. f5 Bb5 22. Be2 Ra8 23. Bxc4 Bxc4 24. Rxa8 Rxa8 25. Re1 Ra2 26. e6 fxe6 27.
fxe6 Re2 28. Rxe2 Bxe2 29. Bf4 Bg4 30. e7 Kf7 31. Bd6 Bd7 32. Kf2 1/2-1/2

[Event "4. Kesarovski-Georgiev Memorial"]
[Site "Sunny Beach BUL"]
[Date "2005.09.24"]
[Round "9.13"]
[White "Panbukchian, Valentin"]
[Black "Dimitrov, Radoslav"]
[Result "1-0"]
[WhiteElo "2339"]
[BlackElo "2099"]
[PlyCount "73"]
[EventDate "2005.09.16"]
[EventType "swiss"]
[EventRounds "9"]
[EventCountry "BUL"]
[Source "lmi"]
[SourceDate "2005.09.25"]

1. f4 d5 2. Nf3 Nf6 3. g3 g6 4. Bg2 Bg7 5. O-O c5 6. d3 Nc6 7. Qe1 Bf5 8. Nh4
Nd4 9. Na3 Bg4 10. e4 dxe4 11. dxe4 O-O 12. Rf2 Be6 13. c3 Nc6 14. h3 Qc7 15.
e5 Nd5 16. Nf3 Nb6 17. Be3 Na5 18. b3 Nd5 19. Bd2 Nc6 20. Ng5 h6 21. Nxe6 fxe6
22. h4 Nxe5 23. fxe5 Rxf2 24. Qxf2 Rf8 25. Qe2 Bxe5 26. Nc4 Rf5 27. Bxd5 exd5
28. g4 Bh2+ 29. Kh1 Rf7 30. Ne3 Bg3 31. Nxd5 Qc6 32. Qg2 Rf2 33. Nxe7+ Kg7 34.
Nxc6 Rxg2 35. Kxg2 Bxh4 36. Nxa7 Bf6 37. Nb5 1-0

[Event "4. Kesarovski-Georgiev Memorial"]
[Site "Sunny Beach BUL"]
[Date "2005.09.24"]
[Round "9.15"]
[White "Angelov, Angel"]
[Black "Drenchev, Petar"]
[Result "0-1"]
[WhiteElo "2222"]
[BlackElo "2412"]
[PlyCount "94"]
[EventDate "2005.09.16"]
[EventType "swiss"]
[EventRounds "9"]
[EventCountry "BUL"]
[Source "lmi"]
[SourceDate "2005.09.25"]

1. e4 e5 2. Nf3 Nc6 3. d4 exd4 4. c3 Nf6 5. Bg5 dxc3 6. Nxc3 d6 7. Bc4 Be7 8.
h3 Be6 9. Bxe6 fxe6 10. Qb3 Qc8 11. O-O O-O 12. Rfe1 h6 13. Bh4 Nh5 14. Nd5
Bxh4 15. Nxh4 Kh7 16. e5 Qd8 17. Qd3+ Kg8 18. Ng6 Rf7 19. Rad1 exd5 20. e6 Re7
21. Qxd5 Nf6 22. Qb5 Re8 23. Qxb7 Ne7 24. Nf4 Rb8 25. Qxa7 Rxb2 26. Rc1 c6 27.
Red1 d5 28. Nd3 Qb8 29. Qa3 Rb5 30. Nc5 Qd6 31. Qa7 Rbb8 32. Qa4 Ra8 33. Qc2
Ra3 34. Rb1 Qe5 35. Rd3 Rxd3 36. Qxd3 Ne4 37. Qf3 Qf5 38. Nxe4 dxe4 39. Qb3 Nd5
40. Qc4 e3 41. Rf1 Qxe6 42. fxe3 Nxe3 43. Qxe6+ Rxe6 44. Rc1 Kf7 45. Kf2 Nd5
46. a4 Nb4 47. Rc4 Na6 0-1

[Event "4. Kesarovski-Georgiev Memorial"]
[Site "Sunny Beach BUL"]
[Date "2005.09.24"]
[Round "9.16"]
[White "Ivanov, Jordan"]
[Black "Angelov, Zvetomir"]
[Result "1/2-1/2"]
[WhiteElo "2347"]
[BlackElo "2098"]
[PlyCount "55"]
[EventDate "2005.09.16"]
[EventType "swiss"]
[EventRounds "9"]
[EventCountry "BUL"]
[Source "lmi"]
[SourceDate "2005.09.25"]

1. Nf3 Nf6 2. c4 g6 3. Nc3 Bg7 4. e4 d6 5. d4 O-O 6. h3 e5 7. d5 a5 8. Bg5 Na6
9. Be2 Nc5 10. Nd2 h6 11. Be3 Kh7 12. g4 Ng8 13. h4 f6 14. h5 g5 15. Nf1 b6 16.
Ng3 Ne7 17. f3 Bd7 18. Kf2 Qb8 19. b3 Qb7 20. Qc2 Rfb8 21. Rhb1 Kg8 22. Nf5 Kf7
23. Qd2 Bf8 24. Bd1 Qa6 25. Be2 Qc8 26. Ng3 Rb7 27. Bd1 Qe8 28. Bc2 1/2-1/2

[Event "4. Kesarovski-Georgiev Memorial"]
[Site "Sunny Beach BUL"]
[Date "2005.09.24"]
[Round "9.20"]
[White "Jordanov, Nikolay"]
[Black "Dimitrov, Pavel"]
[Result "1/2-1/2"]
[WhiteElo "2257"]
[BlackElo "2161"]
[PlyCount "230"]
[EventDate "2005.09.16"]
[EventType "swiss"]
[EventRounds "9"]
[EventCountry "BUL"]
[Source "lmi"]
[SourceDate "2005.09.25"]

1. e4 e5 2. Nf3 Nc6 3. c3 Nf6 4. d4 exd4 5. e5 Nd5 6. Bb5 a6 7. Bxc6 dxc6 8.
Nxd4 Be7 9. O-O O-O 10. Nd2 c5 11. N4b3 Bf5 12. Qf3 Qd7 13. Ne4 Bxe4 14. Qxe4
Qe6 15. Re1 Rad8 16. Nd2 Rd7 17. Nf3 Rfd8 18. Bg5 Qg6 19. Qxg6 hxg6 20. Bxe7
Rxe7 21. Rad1 Red7 22. e6 fxe6 23. Rxe6 Nf4 24. Rxd7 Rxd7 25. Re8+ Kf7 26. Re1
Kf6 27. g3 Nd3 28. Rd1 c4 29. Kf1 b5 30. h4 Rd5 31. Rd2 c5 32. Ng5 Re5 33. b3
Re1+ 34. Kg2 Kf5 35. bxc4 bxc4 36. f3 Ke5 37. Ne4 Re3 38. Ng5 Kd5 39. Kh3 Ke5
40. Kg4 Kf6 41. Nh3 a5 42. a4 Kf7 43. Ng5+ Ke7 44. f4 Re1 45. h5 gxh5+ 46. Kf5
Re3 47. Rg2 Ne1 48. Rb2 Nf3 49. Rb7+ Kd6 50. Ne4+ Kc6 51. Rxg7 h4 52. Rg6+ Kc7
53. Nf6 Kb7 54. Rg7+ Kc6 55. Rg6 Kb7 56. Rg7+ Kc6 57. Rg6 Kb7 58. Rg7+ Kc8 59.
Rg8+ Kb7 60. Rg7+ Ka6 61. Rg6 Ka7 62. Rg7+ Kb8 63. Rg8+ Kb7 64. Rg7+ Kc6 65.
Rg6 Rd3 66. Ne4+ Kc7 67. Rg7+ Kc6 68. Rg6+ Kc7 69. Rg7+ Kb6 70. Rg6+ Kc7 71.
Rg7+ Kc6 72. Rg6+ Kc7 73. Rg7+ Kd8 74. gxh4 Nxh4+ 75. Ke6 Re3 76. Kd5 Nf5 77.
Rh7 Ne7+ 78. Kd6 Nf5+ 79. Kd5 Ne7+ 80. Kd6 Nf5+ 81. Kd5 Ne7+ 82. Kd6 Nc8+ 83.
Ke5 Nb6 84. Rh8+ Ke7 85. Rh7+ Kd8 86. Rh8+ Kc7 87. Rh7+ Kc6 88. Rh6+ Kc7 89.
Rh7+ Kd8 90. Rh8+ Ke7 91. f5 Nxa4 92. f6+ Kf7 93. Rh7+ Kf8 94. Kf5 Rxe4 95.
Kxe4 Nxc3+ 96. Ke5 Ne2 97. Kf5 c3 98. Ra7 c2 99. Ra8+ Kf7 100. Ra7+ Kf8 101.
Ra8+ Kf7 102. Ra7+ Kg8 103. Ra8+ Kf7 104. Ra7+ Kg8 105. Ra8+ Kh7 106. f7 c1=Q
107. Rh8+ Kxh8 108. f8=Q+ Kh7 109. Qf7+ Kh8 110. Qf8+ Kh7 111. Qf7+ Kh8 112.
Qf8+ Kh7 113. Qf7+ Kh8 114. Qf8+ Kh7 115. Qf7+ Kh8 1/2-1/2

[Event "4. Kesarovski-Georgiev Memorial"]
[Site "Sunny Beach BUL"]
[Date "2005.09.24"]
[Round "9.21"]
[White "Karadimov, Marin"]
[Black "Kjurkchiiski, Georgi"]
[Result "0-1"]
[WhiteElo "2120"]
[BlackElo "2257"]
[PlyCount "80"]
[EventDate "2005.09.16"]
[EventType "swiss"]
[EventRounds "9"]
[EventCountry "BUL"]
[Source "lmi"]
[SourceDate "2005.09.25"]

1. d4 Nf6 2. Nf3 g6 3. b3 c5 4. e3 Bg7 5. Bb2 Ne4 6. Bd3 Qa5+ 7. Nbd2 Nxd2 8.
Nxd2 Nc6 9. c3 d5 10. O-O e5 11. dxc5 Qxc5 12. b4 Qe7 13. b5 Nb8 14. a4 Nd7 15.
e4 Nc5 16. Ba3 Qc7 17. Nb3 Nxd3 18. Qxd3 dxe4 19. Qxe4 Bf5 20. Qh4 f6 21. Rfe1
Kf7 22. Nc5 Rhe8 23. Qc4+ Be6 24. Qe4 Rab8 25. Rad1 Bf8 26. Nxe6 Rxe6 27. Bxf8
Rxf8 28. Qd5 Rfe8 29. Rd3 R8e7 30. Red1 Kg7 31. c4 b6 32. Rc3 e4 33. c5 Re5 34.
Qc6 Rxc5 35. Rxc5 bxc5 36. Rd5 Qa5 37. Kf1 e3 38. fxe3 Rxe3 39. Qd7+ Kh6 40.
Rd1 Qxa4 0-1

[Event "4. Kesarovski-Georgiev Memorial"]
[Site "Sunny Beach BUL"]
[Date "2005.09.24"]
[Round "9.22"]
[White "Georgiev, Steljan"]
[Black "Angelov, Kosta"]
[Result "0-1"]
[WhiteElo "1944"]
[BlackElo "2232"]
[PlyCount "70"]
[EventDate "2005.09.16"]
[EventType "swiss"]
[EventRounds "9"]
[EventCountry "BUL"]
[Source "lmi"]
[SourceDate "2005.09.25"]

1. Nf3 d6 2. e4 Nc6 3. d4 Nf6 4. Nc3 Bg4 5. Be2 e6 6. O-O Be7 7. Be3 O-O 8. Qd2
Bh5 9. Ne1 Bg6 10. Bf3 e5 11. d5 Nb8 12. g3 Nbd7 13. Nd3 c5 14. b3 b5 15. b4
Nb6 16. bxc5 Nc4 17. Qe2 Qa5 18. Bd2 dxc5 19. Nb1 Qa4 20. Bc3 Bd6 21. Re1 Rfe8
22. Nb2 Nxb2 23. Bxb2 a6 24. c4 Rab8 25. Nd2 h6 26. Qd3 Qa5 27. Bg2 Rb7 28. Qe2
Nd7 29. Rf1 Nb6 30. Rfc1 bxc4 31. Nxc4 Nxc4 32. Rxc4 Reb8 33. Rc2 Qa4 34. Rac1
Rb4 35. f3 Rxb2 0-1

[Event "4. Kesarovski-Georgiev Memorial"]
[Site "Sunny Beach BUL"]
[Date "2005.09.24"]
[Round "9.26"]
[White "Yermishin, Viktor"]
[Black "Ivanov L, Stojan"]
[Result "0-1"]
[WhiteElo "2450"]
[BlackElo "2081"]
[PlyCount "58"]
[EventDate "2005.09.16"]
[EventType "swiss"]
[EventRounds "9"]
[EventCountry "BUL"]
[Source "lmi"]
[SourceDate "2005.09.25"]

1. e4 c5 2. c4 e6 3. Nc3 Nc6 4. g3 g6 5. Bg2 Bg7 6. h3 d6 7. Nge2 Nge7 8. d3
O-O 9. O-O Rb8 10. Be3 a6 11. a4 b6 12. Qd2 Nd4 13. Bxd4 cxd4 14. Nb1 Bb7 15.
b4 d5 16. exd5 exd5 17. Na3 dxc4 18. Nxc4 Bxg2 19. Kxg2 Nd5 20. Qb2 Re8 21.
Rfe1 Re6 22. Ng1 Qg5 23. Nf3 Nf4+ 24. Kh2 Qh5 25. gxf4 Qxf3 26. Rxe6 fxe6 27.
Qa2 Bh6 28. Rh1 Bxf4+ 29. Kg1 Rf8 0-1

[Event "4. Kesarovski-Georgiev Memorial"]
[Site "Sunny Beach BUL"]
[Date "2005.09.24"]
[Round "9.27"]
[White "Asparuhov, Parvan"]
[Black "Nikolov, Jordan"]
[Result "1/2-1/2"]
[WhiteElo "2141"]
[BlackElo "2102"]
[PlyCount "32"]
[EventDate "2005.09.16"]
[EventType "swiss"]
[EventRounds "9"]
[EventCountry "BUL"]
[Source "lmi"]
[SourceDate "2005.09.25"]

1. e4 c5 2. Nf3 Nc6 3. d4 cxd4 4. Nxd4 Nf6 5. Nc3 e5 6. Ndb5 d6 7. Bg5 a6 8.
Na3 b5 9. Nd5 Be7 10. Bxf6 Bxf6 11. c3 O-O 12. Nc2 Bg5 13. g3 Rb8 14. Bg2 a5
15. O-O Be6 16. Nce3 Ne7 1/2-1/2